| 000 | 01089 a2200241 4500 | ||
|---|---|---|---|
| 003 | NUST | ||
| 005 | 20221027182052.0 | ||
| 010 | _a 86070799 | ||
| 020 | _a0155029401 | ||
| 040 | _cNust | ||
| 082 | 0 | 0 | _a510,ANT |
| 100 | 1 |
_aAnton, Howard. _98661 |
|
| 245 | 1 | 0 |
_aApplied finite mathematics / _cHoward Anton, Bernard Kolman, Bonnie Averbach ; with the assistance of Charles G. Denlinger. |
| 250 | _a4th ed. | ||
| 260 |
_aSan Diego : _bHarcourt Brace Jovanovich, _cc1988. |
||
| 300 |
_avii, 639 p. : _bill. ; _c25 cm. |
||
| 505 | _aSet Theory (Page-1), Coordinate Sys And Graphs (Page-30), Functions (Page-87), Linear Programming (Page-111), Matrices And Linear Sys (Page-135), Linear Programming, An Algebraic Approach (Page-189), Counting Techniques (Page-230), Probability (Page-274), Statistics And Probability (Page-340), Mathematics Of Finance (Page-421), Applications (Page-462). | ||
| 650 | 0 | _aMathematics. | |
| 700 | 1 |
_aAverbach, Bonnie, _d1933- _9101581 |
|
| 700 | 1 |
_aDenlinger, Charles G. _9101582 |
|
| 700 | 1 |
_aKolman, Bernard, _d1932- _917978 |
|
| 942 |
_2ddc _cBK _k510,ANT |
||
| 999 |
_c179806 _d179806 |
||